[Event "Muenster Bezirksliga 0506"]
[Site "Muenster"]
[Date "2005.09.10"]
[Round "1.2"]
[White "Ebert, Bernd"]
[Black "Ackesmann, Michael"]
[Result "1/2-1/2"]
[WhiteElo "1856"]
[BlackElo "1613"]
[PlyCount "71"]
[EventDate "2005.09.10"]
[EventType "team"]
[EventRounds "9"]
[EventCountry "GER"]
[SourceTitle "EXT 2007"]
[Source "ChessBase"]
[SourceDate "2006.11.23"]
[SourceVersion "1"]
[SourceVersionDate "2006.11.23"]
[SourceQuality "1"]
[WhiteTeam "Telgte II"]
[BlackTeam "Telgte III"]
[WhiteTeamCountry "GER"]
[BlackTeamCountry "GER"]

1. c4 c5 2. Nf3 Nc6 3. g3 Nf6 4. Bg2 e6 5. 0-0 Be7 6. Nc3 0-0 7. b3 h6 8. Bb2 b6 9. d4 cxd4 10. Nxd4 Bb7 11. e4 Nxd4 12. Qxd4 Bc6 13. Rad1 Qc7 14. Nb5 Qb7 15. Rfe1 a6 16. Nc3 Bc5 17. Qd3 Ng4 18. Rd2 f5 19. Ree2 Ne5 20. Qc2 f4 21. gxf4 Rxf4 22. Nd5 Nf3+ 23. Bxf3 Rxf3 24. Rd3 Rxd3 25. Qxd3 exd5 26. exd5 Qc7 27. Qg6 d6 28. dxc6 Qf7 29. Qxf7+ Kxf7 30. Bc3 a5 31. a3 Bxa3 32. Ra2 Bc1 33. b4 Rc8 34. b5 Bg5 35. Bd4 Bd8 36. Ra3 1/2-1/2